[Event "Scarborough CC-ch Reserves"]
[Site "Toronto"]
[Date "2012.04.12"]
[Round "4"]
[White "Moran Venegas, Mario"]
[Black "Mesiti, Silvano"]
[Result "1/2-1/2"]
[WhiteElo "1807"]
[BlackElo "1550"]
[PlyCount "47"]
[EventDate "2012.03.22"]
[EventType "swiss"]
[EventRounds "9"]
[EventCountry "CAN"]
[SourceTitle "EXT 2022"]
[Source "ChessBase"]
[SourceDate "2021.10.06"]
[SourceVersion "1"]
[SourceVersionDate "2021.10.06"]
[SourceQuality "1"]

1. e4 e5 2. Nf3 d6 3. d4 exd4 4. Qxd4 Nc6 5. Bb5 Bd7 6. Bxc6 Bxc6 7. Nc3 Nf6 8. Bg5 Be7 9. 0-0-0 0-0 10. Rhe1 Nd7 11. Bxe7 Qxe7 12. Nd5 Qd8 13. g3 Nb6 14. Nh4 Nxd5 15. exd5 Bd7 16. Rd3 Re8 17. Rxe8+ Qxe8 18. Re3 Qd8 19. f4 b6 20. Kd2 a5 21. c4 Qf8 22. Nf3 Re8 23. b3 h6 24. Qd3 1/2-1/2

[Event "Scarborough CC-ch Reserves"]
[Site "Toronto"]
[Date "2012.04.05"]
[Round "3"]
[White "Mesiti, Silvano"]
[Black "Gillis, Doug"]
[Result "0-1"]
[WhiteElo "1550"]
[BlackElo "1649"]
[PlyCount "33"]
[EventDate "2012.03.22"]
[EventType "swiss"]
[EventRounds "9"]
[EventCountry "CAN"]
[SourceTitle "EXT 2022"]
[Source "ChessBase"]
[SourceDate "2021.10.06"]
[SourceVersion "1"]
[SourceVersionDate "2021.10.06"]
[SourceQuality "1"]

1. e4 e6 2. Nf3 d5 3. exd5 exd5 4. d4 Bg4 5. Be2 Bd6 6. Ne5 Bxe2 7. Qxe2 Qe7 8. 0-0 f6 9. Qh5+ g6 10. Nxg6 Qf7 11. g4 Qxg6 12. Qxd5 Qxg4+ 13. Kh1 Qh3 14. Re1+ Ne7 15. f4 Nbc6 16. Qe6 Nxd4 17. Qxh3 0-1

[Event "Scarborough CC Howard Ridout U1800"]
[Site "Toronto"]
[Date "2011.10.27"]
[Round "6"]
[White "Jimenez, Michael"]
[Black "Mesiti, Silvano"]
[Result "0-1"]
[WhiteElo "799"]
[BlackElo "1667"]
[PlyCount "76"]
[EventDate "2011.09.08"]
[EventType "swiss"]
[EventRounds "6"]
[EventCountry "CAN"]
[SourceTitle "EXT 2022"]
[Source "ChessBase"]
[SourceDate "2021.10.06"]
[SourceVersion "1"]
[SourceVersionDate "2021.10.06"]
[SourceQuality "1"]

1. e4 e5 2. Nf3 d6 3. Nc3 Nf6 4. d3 Nc6 5. Bg5 Be7 6. h3 Bd7 7. Be2 0-0 8. 0-0 a6 9. d4 exd4 10. Nxd4 Nxe4 11. Bd2 Nxd2 12. Qxd2 Nxd4 13. Qxd4 Bf6 14. Qd3 Qc8 15. Nd5 Qd8 16. c3 c6 17. Ne3 d5 18. Rad1 Qb6 19. Rb1 Be6 20. Rfe1 g6 21. Ng4 Bg7 22. Bf3 Bf5 23. Qd2 Bxb1 24. Rxb1 Rae8 25. Re1 Rxe1+ 26. Qxe1 Qxb2 27. Qe2 Qxe2 28. Bxe2 Bxc3 29. Nh6+ Kg7 30. Ng4 Re8 31. Bf3 Re1+ 32. Kh2 d4 33. Ne3 dxe3 34. fxe3 Rxe3 35. Kg1 Bd4 36. Kf1 Ra3 37. Ke2 Rxa2+ 38. Kd3 Bf6 0-1

[Event "Scarborough CC Spring Into Summer U2000"]
[Site "Toronto"]
[Date "2011.06.02"]
[Round "5"]
[White "Mesiti, Silvano"]
[Black "Gillis, Doug"]
[Result "1-0"]
[WhiteElo "1666"]
[BlackElo "1668"]
[PlyCount "120"]
[EventDate "2011.04.28"]
[EventType "swiss"]
[EventRounds "9"]
[EventCountry "CAN"]
[SourceTitle "EXT 2022"]
[Source "ChessBase"]
[SourceDate "2021.10.06"]
[SourceVersion "1"]
[SourceVersionDate "2021.10.06"]
[SourceQuality "1"]

1. b3 d5 2. g3 Nf6 3. Bg2 Bg4 4. Nf3 c6 5. Bb2 Nbd7 6. 0-0 e6 7. d3 Be7 8. Nbd2 0-0 9. c4 Rc8 10. Qc1 h6 11. Re1 Bf5 12. a3 Qc7 13. b4 Bh7 14. Qc3 Rfe8 15. Rac1 Bf8 16. Ne5 Nxe5 17. Qxe5 Qxe5 18. Bxe5 Nd7 19. Bb2 Nb6 20. f4 Be7 21. c5 Nd7 22. Nf3 a5 23. Ra1 axb4 24. axb4 Ra8 25. Nd2 Bf6 26. Bxf6 Nxf6 27. Nb3 Ng4 28. e4 dxe4 29. dxe4 Rxa1 30. Rxa1 Ne3 31. Ra7 Nxg2 32. Kxg2 Bxe4+ 33. Kf2 Rd8 34. Rxb7 Rd3 35. Na5 Rf3+ 36. Ke2 Ra3 37. Rb6 h5 38. Nxc6 Ra2+ 39. Ke3 Bxc6 40. Rxc6 Rxh2 41. Rc8+ Kh7 42. Rf8 Rh3 43. Kf2 h4 44. gxh4 Rxh4 45. Rxf7 Kg8 46. Rb7 Rxf4+ 47. Ke3 e5 48. c6 Rc4 49. b5 Kh7 50. Re7 Rc5 51. Ke4 Rxb5 52. Rxe5 Rb4+ 53. Kd3 Rb3+ 54. Kc2 Rb4 55. Rc5 Rb8 56. c7 Rc8 57. Kd3 Kh6 58. Ke4 g5 59. Kf5 Rf8+ 60. Ke6 Rc8 1-0

[Event "Scarborough CC Spring Into Summer"]
[Site "Toronto"]
[Date "2011.05.26"]
[Round "4"]
[White "Mesiti, Silvano"]
[Black "Sharpe, Sam"]
[Result "0-1"]
[WhiteElo "1666"]
[BlackElo "1920"]
[PlyCount "96"]
[EventDate "2011.04.28"]
[EventType "swiss"]
[EventRounds "9"]
[EventCountry "CAN"]
[SourceTitle "EXT 2022"]
[Source "ChessBase"]
[SourceDate "2021.10.06"]
[SourceVersion "1"]
[SourceVersionDate "2021.10.06"]
[SourceQuality "1"]

1. e4 g6 2. d4 Bg7 3. c3 d6 4. Nf3 Nd7 5. Bc4 e6 6. Bg5 Ne7 7. Qb3 Nb6 8. Bb5+ Bd7 9. Na3 a6 10. Bxd7+ Qxd7 11. Bxe7 Qxe7 12. e5 dxe5 13. Nxe5 Bxe5 14. dxe5 0-0 15. 0-0 Qc5 16. Rfe1 Rad8 17. Rad1 Rd5 18. Rxd5 Qxd5 19. c4 Qd4 20. Qc2 Rd8 21. Kf1 Kg7 22. Qe2 c5 23. b3 Nc8 24. Rc1 Ne7 25. Nb1 Nc6 26. Re1 Nb4 27. a3 Nc6 28. g3 Qd3 29. b4 cxb4 30. axb4 Nxb4 31. Rc1 Nc6 32. Nc3 Nxe5 33. Ne4 Qxe2+ 34. Kxe2 Rd4 35. Nd2 Nc6 36. Rb1 Rd7 37. Nb3 Nd4+ 38. Nxd4 Rxd4 39. Rxb7 Rxc4 40. Ra7 Ra4 41. h4 h5 42. f4 Ra3 43. Kf2 Kf6 44. Rc7 Ra1 45. Kf3 a5 46. Rc3 a4 47. Ke4 a3 48. Kd4 Rd1+ 0-1

[Event "Scarborough CC-ch Reserves"]
[Site "Toronto"]
[Date "2011.03.31"]
[Round "6"]
[White "Bellomo, Joe"]
[Black "Mesiti, Silvano"]
[Result "1/2-1/2"]
[WhiteElo "1763"]
[BlackElo "1626"]
[PlyCount "106"]
[EventDate "2011.02.24"]
[EventType "swiss"]
[EventRounds "9"]
[EventCountry "CAN"]
[SourceTitle "EXT 2022"]
[Source "ChessBase"]
[SourceDate "2021.10.06"]
[SourceVersion "1"]
[SourceVersionDate "2021.10.06"]
[SourceQuality "1"]

1. e4 g6 2. d4 Bg7 3. Nf3 d6 4. Be2 Nc6 5. 0-0 Nf6 6. Nbd2 0-0 7. c3 b6 8. Re1 Bb7 9. d5 Ne5 10. Nxe5 dxe5 11. Bf3 c6 12. c4 Qc7 13. Nf1 Rfd8 14. Bg5 Ne8 15. Rc1 f6 16. Be3 c5 17. Qd2 Nd6 18. Bh6 Bc8 19. Bxg7 Kxg7 20. Ng3 Ba6 21. b3 Bc8 22. h4 Nf7 23. Kh2 Bd7 24. Rh1 Qc8 25. Qe2 Nh6 26. Kg1 Bg4 27. Bxg4 Qxg4 28. Qxg4 Nxg4 29. f3 Nh6 30. Kf2 Nf7 31. Ne2 Nd6 32. h5 g5 33. g4 h6 34. Ng3 a5 35. a4 Kf7 36. Rhd1 Kg7 37. Ke3 Kf7 38. Rd3 Kg7 39. Rcd1 Kf7 40. Nf5 Nxf5+ 41. exf5 Rd6 42. R1d2 Rad8 43. Ke4 R8d7 44. Re2 Rc7 45. Rde3 Rcd7 46. Kd3 Rc7 47. Rg2 Rcd7 48. Kc3 Rc7 49. Rc2 Rcd7 50. Rd3 Rc7 51. Rd1 Rcd7 52. Rb1 Rc7 53. Rh2 Rcd7 1/2-1/2

[Event "Scarborough CC Falling Leaves U2000"]
[Site "Toronto"]
[Date "2010.12.09"]
[Round "7"]
[White "Mesiti, Silvano"]
[Black "Xie, Peter"]
[Result "0-1"]
[WhiteElo "1682"]
[BlackElo "1637"]
[PlyCount "62"]
[EventDate "2010.10.28"]
[EventType "swiss"]
[EventRounds "7"]
[EventCountry "CAN"]
[SourceTitle "EXT 2022"]
[Source "ChessBase"]
[SourceDate "2021.10.06"]
[SourceVersion "1"]
[SourceVersionDate "2021.10.06"]
[SourceQuality "1"]

1. e4 e5 2. Nf3 Nc6 3. Nc3 Nf6 4. Bc4 Be7 5. d4 exd4 6. Nxd4 0-0 7. Nxc6 dxc6 8. 0-0 b5 9. Bd3 Bd6 10. f4 Ng4 11. h3 Bc5+ 12. Kh1 Qh4 13. Qf3 Nf2+ 14. Kh2 Nxd3 15. cxd3 b4 16. Ne2 Ba6 17. Be3 Bxe3 18. Qxe3 Rad8 19. Rad1 Qf6 20. Rd2 Rd7 21. Rfd1 Rfd8 22. g3 Qe7 23. Nc1 c5 24. Ne2 Bb7 25. f5 g6 26. f6 Qxf6 27. Qxc5 Bxe4 28. Qxa7 Qf3 29. Nc1 Bxd3 30. Qc5 Be4 31. Rf2 Qxd1 0-1

[Event "Scarborough CC Falling Leaves U2000"]
[Site "Toronto"]
[Date "2010.11.11"]
[Round "3"]
[White "Mesiti, Silvano"]
[Black "Bellissimo, Joseph F"]
[Result "0-1"]
[WhiteElo "1682"]
[BlackElo "1890"]
[PlyCount "85"]
[EventDate "2010.10.28"]
[EventType "swiss"]
[EventRounds "7"]
[EventCountry "CAN"]
[SourceTitle "EXT 2022"]
[Source "ChessBase"]
[SourceDate "2021.10.06"]
[SourceVersion "1"]
[SourceVersionDate "2021.10.06"]
[SourceQuality "1"]

1. e4 e5 2. Nf3 Nf6 3. Nc3 Nc6 4. Bc4 Nxe4 5. Nxe4 d5 6. Bxd5 Qxd5 7. Nc3 Qd8 8. d3 Be7 9. 0-0 0-0 10. Nd2 Be6 11. Nde4 f5 12. Ng3 Qd7 13. b3 Nd4 14. Bb2 f4 15. Nge4 f3 16. gxf3 Nxf3+ 17. Kh1 Bh3 18. Rg1 Nxg1 19. Qxg1 Qf5 20. Qg3 Bh4 21. Qe3 Bxf2 22. Nxf2 Qxf2 23. Qxh3 Qxc2 24. Nd1 Rad8 25. Bxe5 Rxd3 26. Qe6+ Kh8 27. Bxg7+ Kxg7 28. Qe7+ Rf7 29. Qe5+ Kf8 30. Qh8+ Ke7 31. Qe5+ Kd7 32. Ne3 Qc3 33. Ng4 Qc6+ 34. Kg1 Rd5 35. Qe2 Qe6 36. Qg2 Rg7 37. h3 h5 38. Qb2 Qe3+ 39. Kh1 Qxh3+ 40. Nh2 Qg3 41. Rc1 Qg5 42. Nf3 Qg4 43. Kh2 0-1

[Event "Scarborough CC-ch Reserves op"]
[Site "Toronto"]
[Date "2010.03.04"]
[Round "2"]
[White "Mesiti, Silvano"]
[Black "Kurkowski, Ken"]
[Result "1/2-1/2"]
[WhiteElo "1735"]
[BlackElo "1623"]
[PlyCount "90"]
[EventDate "2010.02.25"]
[EventType "swiss"]
[EventRounds "9"]
[EventCountry "CAN"]
[SourceTitle "EXT 2022"]
[Source "ChessBase"]
[SourceDate "2021.10.06"]
[SourceVersion "1"]
[SourceVersionDate "2021.10.06"]
[SourceQuality "1"]

1. e4 c5 2. Nf3 Nc6 3. Nc3 g6 4. Nd5 Bg7 5. d3 d6 6. c3 Bg4 7. Be2 e6 8. Ne3 Bxf3 9. Bxf3 Nge7 10. 0-0 0-0 11. Bd2 b5 12. Qc2 Rb8 13. Rfe1 b4 14. Ng4 Rb6 15. Bh6 Qb8 16. Bxg7 Kxg7 17. Qd2 Ng8 18. b3 bxc3 19. Qxc3+ Nd4 20. Ne3 Nf6 21. Bd1 e5 22. Nc2 Rc8 23. Ne3 Rbc6 24. h3 Qb4 25. Qxb4 cxb4 26. Nc4 Nd7 27. Re3 Nc5 28. Rb1 h5 29. Rb2 Nde6 30. g3 Nd4 31. Kf1 Nce6 32. h4 Nb5 33. Ree2 Ned4 34. Red2 Nc3 35. Kg2 f6 36. Kf1 d5 37. exd5 Nxd5 38. Kg2 Nc3 39. Bf3 Nxf3 40. Kxf3 Rd8 41. Ke3 Rd4 42. f3 Rc5 43. Rbc2 Nd5+ 44. Ke2 f5 45. Kf2 Kf6 1/2-1/2

[Event "Scarborough CC Early Summer"]
[Site "Toronto"]
[Date "2008.05.22"]
[Round "3"]
[White "Mesiti, Silvano"]
[Black "Kurkowski, Ken"]
[Result "1/2-1/2"]
[WhiteElo "1769"]
[BlackElo "1735"]
[PlyCount "92"]
[EventDate "2008.05.08"]
[EventType "swiss"]
[EventRounds "8"]
[EventCountry "CAN"]
[SourceTitle "EXT 2011"]
[Source "ChessBase"]
[SourceDate "2010.11.26"]
[SourceVersion "1"]
[SourceVersionDate "2010.11.26"]
[SourceQuality "1"]

1. e4 e5 2. Nf3 Nc6 3. Nc3 Nf6 4. Bc4 Nxe4 5. Nxe4 d5 6. Bxd5 Qxd5 7. Nc3 Qd8 8. d3 Be7 9. Be3 0-0 10. Qe2 Re8 11. 0-0-0 Nd4 12. Qd2 Bg4 13. Bxd4 exd4 14. Ne4 Qd5 15. Kb1 Be6 16. c4 dxc3 17. Nxc3 Qa5 18. Nd4 Bf6 19. Nxe6 Rxe6 20. Ne4 Qxd2 21. Rxd2 Bd4 22. g4 h6 23. Rc1 c6 24. b4 Rd8 25. Rcd1 g5 26. Kc2 Rd5 27. Kb3 f5 28. gxf5 Rxf5 29. Kc4 Bb6 30. Rg1 Rd5 31. Rc2 Kf7 32. Rg3 Rf5 33. a4 a5 34. Rb2 Bc7 35. Rg2 b5+ 36. Kb3 Rd5 37. Kc2 axb4 38. Rxb4 Ba5 39. Rb1 bxa4 40. Ra1 Rd4 41. Ra3 Re5 42. Rg1 Ke6 43. Rga1 Red5 44. Rxa4 Rxa4 45. Rxa4 Ke5 46. Rc4 c5 1/2-1/2

[Event "Scarborough CC-ch reserves"]
[Site "Toronto"]
[Date "2008.02.21"]
[Round "8"]
[White "Karpik, Steve"]
[Black "Mesiti, Silvano"]
[Result "0-1"]
[WhiteElo "1585"]
[BlackElo "1770"]
[PlyCount "60"]
[EventDate "2008.01.03"]
[EventType "swiss"]
[EventRounds "10"]
[EventCountry "CAN"]
[SourceTitle "EXT 2011"]
[Source "ChessBase"]
[SourceDate "2010.11.26"]
[SourceVersion "1"]
[SourceVersionDate "2010.11.26"]
[SourceQuality "1"]

1. Nf3 Nc6 2. c4 d5 3. b3 e5 4. cxd5 Qxd5 5. Nc3 Qd8 6. g3 Bf5 7. Bg2 Bd6 8. Bb2 Nf6 9. d3 0-0 10. 0-0 a6 11. Qc1 Qd7 12. Na4 Bh3 13. Re1 Bxg2 14. Kxg2 Qe7 15. Nh4 Qe6 16. Ba3 Nd7 17. Bxd6 cxd6 18. Qc4 Qf6 19. Nc3 Rac8 20. Ne4 Qd8 21. Nxd6 Rc7 22. Ne4 Nd4 23. Qd5 Nc2 24. Rec1 Nxa1 25. Rxc7 Qxc7 26. Nd6 Qc6 27. Qxc6 bxc6 28. Nhf5 Nc2 29. Ne7+ Kh8 30. Nxc6 Nd4 0-1

[Event "Scarborough CC-ch reserves"]
[Site "Toronto"]
[Date "2008.01.24"]
[Round "4"]
[White "Mesiti, Silvano"]
[Black "Paterson, Jim"]
[Result "1/2-1/2"]
[WhiteElo "1770"]
[BlackElo "1821"]
[PlyCount "112"]
[EventDate "2008.01.03"]
[EventType "swiss"]
[EventRounds "10"]
[EventCountry "CAN"]
[SourceTitle "EXT 2011"]
[Source "ChessBase"]
[SourceDate "2010.11.26"]
[SourceVersion "1"]
[SourceVersionDate "2010.11.26"]
[SourceQuality "1"]

1. e4 Nf6 2. e5 Nd5 3. c4 Nb6 4. Nc3 d6 5. Nf3 Nc6 6. exd6 exd6 7. Be2 Be7 8. 0-0 0-0 9. b3 Bf5 10. d4 Bf6 11. Bb2 Re8 12. a3 Qd7 13. Nb1 Na5 14. Bd3 c5 15. Bxf5 Qxf5 16. Bc3 Nc6 17. d5 Ne5 18. Nxe5 Bxe5 19. Bxe5 Rxe5 20. Re1 Qg4 21. Nc3 Rxe1+ 22. Qxe1 Qd7 23. Qd2 a6 24. Re1 Re8 25. Kf1 Nc8 26. Re3 Re7 27. Qe2 Qe8 28. Ne4 Qd7 29. Qf3 b6 30. a4 Re5 31. Qe2 Qf5 32. Qe1 f6 33. Ng3 Rxe3 34. Nxf5 Rxe1+ 35. Kxe1 g6 36. Ne3 Kf7 37. Ke2 Na7 38. Kd3 f5 39. g3 Kf6 40. f4 h6 41. h4 Nc8 42. Kc3 g5 43. hxg5+ hxg5 44. Kd3 Ne7 45. fxg5+ Kxg5 46. Kc3 f4 47. gxf4+ Kxf4 48. Nc2 Nf5 49. b4 Ne3 50. bxc5 bxc5 51. Ne1 Ke4 52. a5 Nxd5+ 53. cxd5 Kxd5 54. Nc2 Kc6 55. Na3 d5 56. Kd3 Kd6 1/2-1/2

[Event "Scarborough CC-ch reserves"]
[Site "Toronto"]
[Date "2008.01.03"]
[Round "1"]
[White "Gillis, Doug"]
[Black "Mesiti, Silvano"]
[Result "0-1"]
[WhiteElo "1536"]
[BlackElo "1742"]
[PlyCount "40"]
[EventDate "2008.01.03"]
[EventType "swiss"]
[EventRounds "10"]
[EventCountry "CAN"]
[SourceTitle "EXT 2011"]
[Source "ChessBase"]
[SourceDate "2010.11.26"]
[SourceVersion "1"]
[SourceVersionDate "2010.11.26"]
[SourceQuality "1"]

1. e4 e5 2. Nf3 d6 3. d4 exd4 4. Qxd4 Nc6 5. Bb5 Bd7 6. Bxc6 Bxc6 7. Nc3 Nf6 8. Bg5 Be7 9. 0-0-0 0-0 10. e5 dxe5 11. Qh4 Qe8 12. Nxe5 h6 13. Bxh6 gxh6 14. Qxh6 Nh7 15. f4 Bd6 16. Rd3 Bxe5 17. Rg3+ Kh8 18. Rh3 Bxf4+ 19. Qxf4 f6 20. Kb1 Qe5 0-1

[Event "Scarborough CC Fall Swiss"]
[Site "Toronto"]
[Date "2007.12.20"]
[Round "8"]
[White "Kurkowski, Ken"]
[Black "Mesiti, Silvano"]
[Result "0-1"]
[WhiteElo "1758"]
[BlackElo "1742"]
[PlyCount "70"]
[EventDate "2007.11.01"]
[EventType "swiss"]
[EventRounds "7"]
[EventCountry "CAN"]
[SourceTitle "EXT 2022"]
[Source "ChessBase"]
[SourceDate "2021.10.06"]
[SourceVersion "1"]
[SourceVersionDate "2021.10.06"]
[SourceQuality "1"]

1. e4 e5 2. Nf3 d6 3. Bc4 Be7 4. 0-0 Nf6 5. Re1 0-0 6. c3 Bg4 7. h3 Bh5 8. d4 Nbd7 9. Nbd2 c6 10. b3 Qb6 11. Bb2 d5 12. Bd3 exd4 13. exd5 dxc3 14. Nc4 Qd8 15. Bxc3 Nxd5 16. Bb2 Bf6 17. Bxf6 Qxf6 18. Be4 N7b6 19. Nce5 Rfe8 20. g4 Bg6 21. Nxg6 hxg6 22. Qd4 Re7 23. Qxf6 Nxf6 24. Bc2 Rae8 25. Kf1 Nfd5 26. Rad1 Kf8 27. Rxe7 Rxe7 28. Ng5 Ke8 29. Re1 Rxe1+ 30. Kxe1 Nf4 31. Kd2 Nbd5 32. Be4 f6 33. Bxd5 cxd5 34. Nf3 Nxh3 35. Ke3 Kf7 0-1

[Event "Scarborough CC Fall Swiss"]
[Site "Toronto"]
[Date "2007.11.08"]
[Round "2"]
[White "Mesiti, Silvano"]
[Black "Marsh, Cassius"]
[Result "0-1"]
[WhiteElo "1742"]
[BlackElo "2101"]
[PlyCount "70"]
[EventDate "2007.11.01"]
[EventType "swiss"]
[EventRounds "7"]
[EventCountry "CAN"]
[SourceTitle "EXT 2022"]
[Source "ChessBase"]
[SourceDate "2021.10.06"]
[SourceVersion "1"]
[SourceVersionDate "2021.10.06"]
[SourceQuality "1"]

1. e4 c5 2. Nf3 d6 3. Bc4 Nc6 4. d4 cxd4 5. Nxd4 Nf6 6. Nxc6 bxc6 7. Nc3 e6 8. 0-0 Be7 9. Qf3 d5 10. exd5 exd5 11. h3 dxc4 12. Qxc6+ Bd7 13. Qxc4 0-0 14. Bf4 Qa5 15. Qe2 Rfe8 16. Qf3 Qf5 17. Rac1 Rac8 18. g4 Qg6 19. Be3 Nxg4 20. hxg4 Rc4 21. Bf4 Bd6 22. Bg3 Rxg4 23. Kh2 Bc6 24. Nd5 Qh5+ 25. Kg1 Bxd5 26. Qxd5 Rxg3+ 27. fxg3 Qxd5 28. Rfe1 Bc5+ 29. Kh2 Rxe1 30. Rxe1 Qd2+ 31. Kh3 Qxe1 32. c3 Qf1+ 33. Kh2 Bg1+ 34. Kh1 Qf2 35. b4 Qh2# 0-1